| 000 | 00620nam a22001937a 4500 | ||
|---|---|---|---|
| 005 | 20260116121800.0 | ||
| 006 | a|||||r||||||||||| | ||
| 008 | 260116s |||||||| |||| 00| ||gre d | ||
| 020 | _a9781350125209 | ||
| 040 |
_aGR-ThMCL _bgre _dGR-ThMCL _eAACR2 |
||
| 245 | 1 | 0 |
_aThinking through fashion : _ba guide to key theorists / _cAgnès Rocamora , Anneke Smelik (editors). |
| 260 |
_aLondon ; _bBloomsbury Visual Arts, _eLondon ; |
||
| 300 | _a310 p.; | ||
| 504 | _aIncludes bibliographical references and index. | ||
| 700 |
_aRocamora, Agnès _4340 _910114 |
||
| 942 | _cBK | ||
| 999 |
_c10063 _d10063 |
||